|
|
|
|
| LEADER |
01164nam a22002777a 4500 |
| 001 |
34833 |
| 003 |
BD-DhAAL |
| 005 |
20250807145246.0 |
| 008 |
190722r20191990bg ||||| |||| 00| 1 ben d |
| 020 |
|
|
|a 9844580300
|
| 040 |
|
|
|a BD-DhAAL
|d BD-DhAAL
|
| 041 |
|
|
|a ben
|
| 082 |
|
|
|a 891.44371
|2 23
|
| 100 |
|
|
|a আহমেদ, হুমায়ূন.
|9 32979
|
| 245 |
|
|
|a এলেবেলে.
|n [দ্বিতীয় পর্ব] /
|c হুমায়ূন আহমেদ.
|
| 246 |
|
|
|a Elebele (2nd part).
|
| 260 |
|
|
|a ঢাকা :
|b সময় প্রকাশন,
|c ১৯৯০ [চর্তুদশ মুদ্রণ ২০১৯].
|
| 300 |
|
|
|a ৭৯ পৃষ্ঠা ;
|c ২২ সে.মি.
|
| 362 |
|
|
|a Vol. 2
|
| 526 |
|
|
|a Residential Campus
|
| 541 |
|
|
|a Development Book Agency
|e 34833
|
| 650 |
|
|
|a Bengali fiction
|z Bangladesh.
|9 32980
|
| 852 |
|
|
|a Savar Campus Library
|c General Stacks
|
| 942 |
|
|
|2 ddc
|c BK
|
| 999 |
|
|
|c 40917
|d 40917
|
| 952 |
|
|
|0 0
|1 0
|2 ddc
|4 0
|6 891_443710000000000_AHM
|7 0
|9 65680
|a SCL
|b SCL
|c GEN
|d 2019-07-17
|e Development Book Agency
|g 105.50
|l 8
|m 12
|o 891.44371 AHM
|p 3020034833
|r 2025-11-04
|s 2025-10-28
|t 1
|v 105.50
|w 2019-07-17
|y BK
|